Statistics for Top 100 Most Subscribed Youtube Channels (2021)

Click here to take the quiz!

General Stats

  • This quiz has been taken 336 times
  • The average score is 13 of 94

Answer Stats

SubscribersChannel% Correct
110MPewDiePie
85%
63.5MMrBeast
82%
185MT-Series
78%
113MCocomelon - Nursery Rhymes
57%
63.8MJustin Bieber
41%
106MSET India
38%
56.3MDude Perfect
36%
78.2MWWE
34%
32.1MJustinBieberVEVO
31%
74.5MLike Nastya
27%
41.1MT-Series Bhakti Sagar
27%
72.6M5-Minute Crafts
26%
29.6MLike Nastya ESP
26%
29.4MMarkiplier
25%
42.7MTaylor Swift
25%
79.8MKids Diana Show
24%
68.8MVlad and Niki
24%
48.5MAriana Grande
22%
40.9MKaty Perry
21%
62.1MBLACKPINK
20%
48MEminemMusic
20%
47.7MEd Sheeran
19%
31.4MYouTube
19%
73.9MZee Music Company
18%
57.9MZee TV
18%
31.8MBruno Mars
17%
42.7MHolaSoyGerman.
17%
37.4MRihanna
17%
49.4MPinkfong! Kids' Songs & Stories
16%
44.1MSony Music India
16%
36MSonyMusicIndiaVEVO
16%
42.2MFernanfloo
14%
41.6MBillie Eilish
13%
53MMarshmello
13%
40.8MBRIGHT SIDE
12%
64.4MCanal KondZilla
12%
51.9MBANGTANTV
11%
54.6MGoldmines Telefilms
11%
43.7MJuegaGerman
11%
35.8MOne Direction
11%
39.5MAlan Walker
10%
49.1MChuChu TV Nursery Rhymes & Kids Songs
10%
57.4MHYBE LABELS
10%
52.8MMovieclips
10%
31.7MA4
9%
46.6MAaj Tak
9%
42.3MFelipe Neto
9%
39.9MelrubiusOMG
8%
33.1MShakira
8%
31MShemaroo
8%
52.6MShemaroo Filmi Gaane
8%
52.2MSony SAB
8%
34.2MBad Bunny
7%
40.7MColors TV
7%
44.5M
Badabun
7%
35.7MGet Movies
7%
43.6MLooLoo Kids - Nursery Rhymes and Children's Songs
7%
42.5MTips Official
7%
40.7MVocê Sabia?
7%
45.1MWave Music
7%
42.9MEl Reino Infantil
6%
34.3MMaroon 5
6%
29.8MRyan's World
6%
37.9MTheEllenShow
6%
32.4MVEGETTA777
6%
42.5Mwhinderssonnunes
6%
40.1MYRF
6%
30.7MCarryMinati
5%
35.7MInfobells - Hindi
5%
29.6MLuis Fonsi
5%
36.6MLuisito Comunica
5%
32.7MXXXTENTACION
5%
34.7MABS-CBN Entertainment
4%
34MDaddy Yankee
4%
34.5MGR6 EXPLODE
4%
38.1MLike Nastya Show
4%
36.5MLittle Baby Bum - Nursery Rhymes & Kids Songs
4%
31.8Mshfa
4%
36.2MSpeed Records
4%
31.7MKimberly Loaiza
3%
30.1Mshfa2 - شفا
3%
29.5MVoot Kids
3%
30.9MJ Balvin
2%
35.1MLUCCAS NETO - LUCCAS TOON
2%
30.5MNoCopyrightSounds
2%
33.4MOzuna
2%
31.5MTEDx Talks
2%
31.7MToys and Colors
2%
30.2MTrap Nation
2%
33.7MWorkpointOfficial
2%
34.6MМаша и Медведь
1%
29.5MABP NEWS
1%
30Mone31
1%
32.6MVenus
1%

Score Distribution

Percentile by Number Answered

Percent of People with Each Score

Your Score History

You have not taken this quiz